Characters from the histories & memoirs of the seventeenth century / (Record no. 24743)
[ view plain ]
| 000 -LEADER | |
|---|---|
| fixed length control field | 00847cam a2200265u 4500 |
| 001 - CONTROL NUMBER | |
| control field | 24743 |
| 003 - CONTROL NUMBER IDENTIFIER | |
| rucl marc code | BD-RjUL |
| 005 - DATE AND TIME OF LATEST TRANSACTION | |
| control field | 20211209001107.0 |
| 008 - FIXED-LENGTH DATA ELEMENTS--GENERAL INFORMATION | |
| fixed length control field | 140315r19531918enk 001 0ceng |
| 035 ## - SYSTEM CONTROL NUMBER | |
| System control number | (BD-RjUL)24812 |
| 040 ## - CATALOGING SOURCE | |
| Original cataloging agency | DLC |
| Transcribing agency | CarP |
| Modifying agency | DLC |
| -- | BD-RjUL |
| Language of cataloging | eng |
| 041 ## - LANGUAGE CODE | |
| Language code of text/sound track or separate title | eng |
| 082 ## - DEWEY DECIMAL CLASSIFICATION NUMBER | |
| Classification number | 942.06 |
| Author mark and year | SMC |
| 100 1# - MAIN ENTRY--PERSONAL NAME | |
| Personal name | Smith, David Nichol, |
| Dates associated with a name | 1875-1962, |
| 9 (RLIN) | 52827 |
| 245 10 - TITLE STATEMENT | |
| Title | Characters from the histories & memoirs of the seventeenth century / |
| Statement of responsibility, etc. | David Nichol,Smith |
| 260 ## - PUBLICATION, DISTRIBUTION, ETC. (IMPRINT) | |
| Place of publication, distribution, etc. | Oxford : |
| Name of publisher, distributor, etc. | The Clarendon press, |
| Date of publication, distribution, etc. | 1918 [reprinted 1953] |
| 300 ## - PHYSICAL DESCRIPTION | |
| Pagination | lii, 331, [1] p. ; |
| Size | 20 cm. |
| 504 ## - BIBLIOGRAPHY, ETC. NOTE | |
| Bibliography, etc | Includes index. |
| 651 #0 - SUBJECT ADDED ENTRY--GEOGRAPHIC NAME | |
| Geographic name | Great Britain |
| Form subdivision | Biography. |
| 9 (RLIN) | 46028 |
| Geographic name | Great Britain |
| General subdivision | History |
| Chronological subdivision | Stuarts, 1603-1714. |
| 9 (RLIN) | 76165 |
| 942 ## - ADDED ENTRY ELEMENTS (KOHA) | |
| Source of classification or shelving scheme | Dewey Decimal Classification |
| Koha item type | Books |
| Lost status | Source of classification or shelving scheme | Damaged status | Not for loan | Collection code | Permanent Location | Current Location | Shelving location | Date acquired | Source of acquisition | Cost, normal purchase price | Total Checkouts | Full call number | Date last seen | Copy number | Koha item type |
|---|---|---|---|---|---|---|---|---|---|---|---|---|---|---|---|
| Dewey Decimal Classification | Not For Loan | Non-fiction | Central Library, University of Rajshahi | Central Library, University of Rajshahi | Reading Room | 25/06/1955 | O.U.P. dhaka | 8.00 | 942.06 SMC 1953 | 15/03/2014 | C-1 | Books | |||
| Dewey Decimal Classification | Non-fiction | Central Library, University of Rajshahi | Central Library, University of Rajshahi | 25/06/1955 | O.U.P. dhaka | 8.00 | 942.06 SMC 1953 | 15/03/2014 | C-2 | Books | |||||
| Dewey Decimal Classification | Non-fiction | Central Library, University of Rajshahi | Central Library, University of Rajshahi | 28/02/1970 | Zeit | 35.00 | 942.06 SMC 1963 | 06/02/2017 | C-3 | Books |